|
|
|
|
| LEADER |
00000nam0a2200000 4500 |
| 001 |
108453 |
| 005 |
20231031115635.0 |
| 035 |
|
|
|a (RuTPU)RU\TPU\book\117081
|
| 090 |
|
|
|a 108453
|
| 100 |
|
|
|a 20070120d1960 km y0rusy50 ca
|
| 101 |
0 |
|
|a rus
|
| 102 |
|
|
|a RU
|
| 105 |
|
|
|a a z 001zy
|
| 200 |
1 |
|
|a Повышение выносливости деталей машин технологическими методами
|f Г. А. Дерягин
|
| 210 |
|
|
|a Москва
|c Оборонгиз
|d 1960
|
| 215 |
|
|
|a 204 с.
|c ил.
|
| 320 |
|
|
|a Библиогр.: с. 199-201.
|
| 610 |
1 |
|
|a машиностроение
|
| 610 |
1 |
|
|a детали машин
|
| 610 |
1 |
|
|a выносливость
|
| 610 |
1 |
|
|a повышение
|
| 610 |
1 |
|
|a болтовые соединения
|
| 610 |
1 |
|
|a заклепочные соединения
|
| 675 |
|
|
|a 621.81
|v 3
|
| 675 |
|
|
|a 669:539.4
|v 3
|
| 700 |
|
1 |
|a Дерягин
|b Г. А.
|g Георгий Александрович
|
| 801 |
|
1 |
|a RU
|b 63413507
|c 20070120
|g PSBO
|
| 801 |
|
2 |
|a RU
|b 63413507
|c 20080201
|g PSBO
|
| 942 |
|
|
|c BK
|